| 000 | 00793pam a2200253 a 4500 | ||
|---|---|---|---|
| 008 | |||
| 020 | _a013017601X (pbk.) | ||
| 049 | _aMAIN | ||
| 090 |
_aHD31 _bROB |
||
| 100 | 1 | _aRobbins, Stephen P. | |
| 245 | 1 | 0 |
_aFundamentals of management : _bessential concepts and applications / _cStephen P. Robbins and David A. De Cenzo. |
| 250 | _a3rd ed. | ||
| 260 |
_aNew Jersey : _bPrentice Hall, _c2001. |
||
| 300 |
_axxii, 468 [various pages] p. : _bcol. ill. ; _c25 cm. |
||
| 500 | _aIncludes index. | ||
| 504 | _aIncludes bibliographical references. | ||
| 650 | 0 | _aManagement. | |
| 700 | 1 | _aDeCenzo, David A. | |
| 907 |
_a.b10280984 _b02-11-11 _c23-08-10 |
||
| 003 | |||
| 005 | 20230123125037.0 | ||
| 040 | _cNUST | ||
| 942 |
_cBOOKS _kHD31 _mROB |
||
| 999 |
_c134700 _d134700 |
||